00574nam a2200157 a 45000010005000000030005000050050017000100080041000270400020000681100085000882450096001732600063002693000011003326500027003436500046003703429CDMR20131213174201.0130130s1980||||||||||||||||||||||||||||d aCDMRbcatcCDMR2 aOrganización Internacional de Periodistasb -- Sesión del Comité Ejecutivo10aLa 19ème Session du Comité Executif de l'OIJb: Hanoi, Ho Chi Minh ville: novembre 1979 aPraguec1980bOrganisation internationale des journalistes a148 p.04aPeriodismexCongressos04aAssociacions de professionals i tècnics